000 00974nam a2200253 i 4500
001 188098
003 SpMaBN
005 20250929063308.0
008 180430s1972 sp |||| |dspa d
080 _a821.133.1-31"15"
100 1 _aRabelais, François,
_dca. 1494-1553
_994857
245 1 0 _aGargantúa y Pantagruel /
_cFrançois Rabelais ; [estudio preliminar, notas y bibliografía, Ángeles Cardona de Gibert ; traducción, Teresa Suero y José M.ª Claramunda].
250 _a1ª ed. en Libro selección.
260 _aBarcelona :
_bBruguera,
_c1972.
300 _a894 p. ;
_c18 cm.
490 1 _aLibro selección
504 _aBibliografía: p. 47-49.
700 1 _aCardona, Ángeles,
_d1925-
_9164713
700 1 _aSuero Roca, Teresa.
_9108730
700 1 _aClaramunda Bes, José María.
_938998
830 0 _aLibro selección
_9225640
852 _aES-MaACL
_jL-31989
_z- Enc. guaflex
_z. - Donat. Carmen Zumárraga
999 _c188098
_d188098